Migos Charting Songs (Billboard Hot 100) - Statistics

General Stats
  • This quiz has been taken 30 times
    10 since last reset
  • The average score is 22 of 40
Answer Stats
Album Weeks On Peak Artist(s) Song % Correct
Culture 36 Weeks #1 (3 Weeks) Migos ft. Lil Uzi Vert Bad and Boujee
100%
Culture II 22 Weeks #10 Migos ft. Drake Walk It Talk It
100%
Mr. Davis 27 Weeks #11 Gucci Mane ft. Migos I Get The Bag
89%
Culture II 22 Weeks #6 Migos, Nicki Minaj & Cardi B MotorSport
89%
Funk Wav Bounces Vol. 1 20 Weeks #25 Calvin Harris ft. Frank Ocean & Migos Slide
89%
Witness 6 Weeks #59 Katy Perry ft. Migos Bon Appetit
78%
Invasion of Privacy 10 Weeks #21 Cardi B ft. Migos Drip
78%
Culture 2 Weeks #58 Migos ft. Travi$ Scott Kelly Price
78%
Culture 21 Weeks #29 Migos ft. Gucci Mane Slippery
78%
Culture II 21 Weeks #8 Migos Stir Fry
78%
Y.R.N (Young Rich Nigga) 1 Week #99 Migos Versace
78%
Culture II 2 Weeks #48 Migos ft. 21 Savage BBO (Bad Bitches Only)
67%
Culture III 4 Weeks #15 Migos ft. Drake Having Our Way
67%
The Quarantine Tape 15 Weeks #62 Migos ft. YoungBoy Never Broke Again Need It
67%
Perfect 10 25 Weeks #23 Mustard & Migos Pure Water
67%
Culture II 1 Week #64 Migos ft. Travi$ Scott, Ty Dolla $ign & Big Sean White Sand
67%
Wish Me Well 2: Unstoppable 11 Weeks #70 YFN Lucci ft. Migos & Trouble Key To The Streets
56%
Culture III 1 Week #65 Migos ft. Polo G Malibu
56%
Culture 25 Weeks #19 Migos T-Shirt
56%
Culture 1 Week #62 Migos Call Casting
44%
Culture 1 Week #93 Migos ft. DJ Khaled Culture
44%
No Label 2 16 Weeks #69 Migos Fight Night
44%
Culture 1 Week #72 Migos Get Right Witcha
44%
Culture III 1 Week #48 Migos, Young Thug & Travi$ Scott g n f (Give No Fxk)
44%
Culture II 15 Weeks #36 Migos Narcos
44%
Culture II 5 Weeks #52 Migos ft. Post Malone Notice Me
44%
KIRK 2 Weeks #51 DaBaby ft. Migos RAW SHIT
44%
Culture III 1 Week #71 Migos & Cardi B Type Shit
44%
Culture II 1 Week #87 Migos Emoji A Chain
33%
No Label 2 8 Weeks #79 Migos Handsome and Wealthy
33%
Culture III 1 Week #61 Migos Modern Day
33%
I Decided 1 Week #70 Big Sean ft. Migos Sacrifices
33%
Culture III 14 Weeks #23 Migos Straightenin'
33%
Culture II 1 Week #85 Migos Auto Pilot
22%
Culture III 2 Weeks #27 Migos Avalanche
22%
Culture II 1 Week #96 Migos ft. Gucci Mane CC
22%
Culture II 1 Week #73 Migos Gang Gang
22%
Culture II 1 Week #83 Migos Higher We Go (Intro)
22%
Back to the Bando 1 Week #87 Migos Look At My Dab
22%
Culture II 1 Week #53 Migos Supastars
22%
No matching quizzes found
Score Distribution
Percent of People with Each Score
Percentile by Number Answered
Your Score History
You have not taken this quiz since the last reset